| 000 | 00648cam a22001932 4500 | ||
|---|---|---|---|
| 001 | 0000006952 | ||
| 005 | 20151021151110.0 | ||
| 008 | 071029s xx 000 0 eng d | ||
| 020 | _cKES 1000 | ||
| 040 |
_aKABU _cKABU |
||
| 110 | 2 |
_aStrathmore University. _bDistance Learning Centre. _@0000150769 |
|
| 245 | 1 | 0 |
_aLaw II : _bsubject no. 7 revision kit / _cStrathmore University. |
| 260 |
_aNairobi : _bStrathmore Universty Press, _c[2007] |
||
| 300 | _axvii, 239 p. | ||
| 650 | 0 |
_aCommercial law _xExaminations, questions, etc. _@0000157924 |
|
| 908 | _a071029 | ||
| 950 | _@1 | ||
| 999 |
_c665 _d665 |
||